00670nam a2200229 a 450000100060000000300080000600500170001400800410003102000280007203500190010004000270011904100080014608200260015410000190018024500580019926000570025730000340031450000200034850400260036865000200039465000260041458882BD-RjUL20211209080651.0161220s1987 enka b 001 0 eng  a0801834953 (alk. paper) a(BD-RjUL)59006 aDLCcDLCdBD-RjULbeng aeng00a342.02 223bOWT 19871 aOwen, Wilfred.10aTransportation and world development /cWilfred Owen. aBaltimore :bJohns Hopkins University Press,cc1987. axiv, 156 p. :bill. ;c24 cm. aIncludes index. aBibliography: p. 149. 0aTransportation. 0aEconomic development.